El político y el científico / (Record no. 85488)

MARC details
000 -CABECERA
campo de control de longitud fija 00747nam a2200217 a 4500
005 - FECHA Y HORA DE LA ÚLTIMA TRANSACCIÓN
campo de control 20240911064403.0
008 - ELEMENTOS DE LONGITUD FIJA--INFORMACIÓN GENERAL
campo de control de longitud fija 010917s19672000 r 000 0 eng d
020 ## - NÚMERO INTERNACIONAL NORMALIZADO PARA LIBROS
Número Internacional Estándar del Libro 8420639648
035 ## - NÚMERO DE CONTROL DEL SISTEMA
Número de control de sistema UPN01000111580
049 ## - COLECCIÓN
Colección CG
050 #4 - SIGNATURA TOPOGRÁFICA DE LA BIBLIOTECA DEL CONGRESO
Número de clasificación HM22 G3
Número de documento/Ítem W4.5a
100 1# - ASIENTO PRINCIPAL--NOMBRE PERSONAL
Nombre de persona Weber, Max,
Fechas asociadas al nombre 1864-1920
245 13 - MENCIÓN DE TÍTULO
Título El político y el científico /
Mención de responsabilidad, etc. Max Weber ; tr. Francisco Rubio Llorente ; introd. Raymond Aron.
260 ## - PUBLICACIÓN, DISTRIBUCIÓN, ETC.
Lugar de publicación, distribución, etc. Madrid :
Nombre del editor, distribuidor, etc. Alianza,
Fecha de publicación, distribución, etc. 1967 (2000 impr.).
300 ## - DESCRIPCIÓN FÍSICA
Extensión 235 p.
440 #3 - MENCIÓN DE SERIE/ASIENTO SECUNDARIO--TÍTULO
Título El libro de bolsillo.
Nombre de parte o sección de la obra Ciencias sociales.
-- Ciencia política ;
Designación de volumen o secuencia 3403
534 ## - NOTA SOBRE LA VERSIÓN ORIGINAL
Frase introductoria Traducción de:
Mención de título del original Politik als berulf, wissenschaft als beruf
650 #4 - ASIENTO SECUNDARIO DE MATERIA - TERMINO TEMATICO
Término de materia o nombre geográfico como elemento de entrada Ciencias políticas
9 (RLIN) 6023
650 #4 - ASIENTO SECUNDARIO DE MATERIA - TERMINO TEMATICO
Término de materia o nombre geográfico como elemento de entrada Ciencia como profesión
9 (RLIN) 7177
905 ## - TIPO DE MATERIAL
Tipo de material Libro
Holdings
Estado de retiro Estado de pérdida Fuente del sistema de clasificación o colocación Estado dañado No para préstamo Código de colección Localización permanente Ubicación/localización actual Ubicación en estantería Fecha de adquisición Total de préstamos Renovaciones totales Clasificación Código de barras Fecha visto por última vez Fecha del último préstamo Número de copia Tipo de ítem Koha
    Library of Congress Classification     Colección General Bib. Gregorio Torres Quintero Bib. Gregorio Torres Quintero Planta baja 12/09/2022 32 1 HM22 G3 W4.5a 179819 25/09/2023 07/09/2023 1 Libro
    Library of Congress Classification     Colección General Bib. Gregorio Torres Quintero Bib. Gregorio Torres Quintero Planta baja   33   HM22 G3 W4.5a 179818 31/12/2020   1 Libro
    Library of Congress Classification     Colección General Bib. Gregorio Torres Quintero Bib. Gregorio Torres Quintero Planta baja   33   HM22 G3 W4.5a 180109 31/12/2020   1 Libro